000 00344nam a2200121 a 4500
005 20140414131856.0
008 100827s19uu xx 00 eng d
050 _aFIL
_bAl1 2007
100 _aVillanueva, Rene O.
245 _aAlamat ng papaya :
_bThe legend of the papaya.
260 _aManila, Philippines :
_bLampara,
_c2007.
999 _c110472
_d110472